000 00547nam a2200193Ia 4500
005 20230201145608.0
008 131103s9999 xx 000 0 und d
040 _aLoreto College
041 _aEnglish
082 _a882
_bARI
100 _aAristophanes
245 4 _aThe Frogs
_cAristophanes, translated with introduction and notes by Gilbert Murray
260 _aLondon
_bGeorge Allen
_c1965
300 _axxi,134 p.[6]
504 _aTranslated into English rhyming verse
700 _aMurray,Gilbert,tr.
850 _aLCLIB
942 _cBK
999 _c5519
_d55998